00699nam a2200181 a 4500003000200000005001700002008004100019050002700060100003400087245010400121260009300225300004000318504004100358650002700399650002500426650002500451650004100476020250222113302.0111114s19uu xx 00 eng d aPGS BR 562b.T129 2011 aTai, Philip Siu Fung Olayvar. aReligious affiliation and respect among grade 6 and 7 SISC students /cPhilip Siu Fung Olayvar Tai. aLas Piñas City, Philippines : bSouthville International School and Colleges, c2011. a29 pages :billustrations ;c28 cm. aIncludes bibliographical references. aReligious affiliation. aReligious attitudes. aRespect in children. aInterpersonal relations in children.